000 01088nas a2200289 4500
001 BR2012005121
003 BR-BrBNA
005 20231205120846.0
007 ta
008 230509b bl.|||p| |||| 00| 00por d
040 _aBR-BrBNA
_bpor
_cBiblioteca Nacional de Agricultura
041 _a(En)
072 _aL20
100 1 _aKudô, K.
100 1 _aHozumi, S.
100 1 _aMateus, S.
100 1 _aZucchi, R.
245 1 _aThe acceptance rate of young wasps by alien colonies depends on colony development stages in the swarm-founding wasp, Polybia paulista von lhering (Hymenoptera: vespidae)
246 1 _aThe acceptance rate of young wasps by alien colonies depends on colony development stages in the swarm-founding wasp, Polybia paulista von lhering (Hymenoptera: vespidae)
650 _aVESPA
650 _aHIMENOPTERO
650 _aCOMPORTAMENTO ANIMAL
650 _aCOLÔNIA
773 0 _tNeotropical Entomology (Brazil)
_xISSN 1519-566X
_g(Nov-Dec 2010), v. 39(6) p. 918-920
_wBR2012005121
909 _a202311
_bLúcia
_c55
_dLúcia Elande
942 _2AGRIS
_n0
_cANA
999 _c220674
_d220674